|
|
|
|
| LEADER |
01491nam a22003614a 4500 |
| 001 |
39116 |
| 003 |
BD-DhAAL |
| 005 |
20220718120155.0 |
| 008 |
091123s2009 nyua b 001 0 eng |
| 999 |
|
|
|c 44587
|d 44587
|
| 010 |
|
|
|a 2009499272
|
| 020 |
|
|
|a 9781586486839 (hbk : alk. paper)
|
| 020 |
|
|
|a 9781586486846 (ebk)
|
| 020 |
|
|
|a 9781586486990 (pbk)
|
| 040 |
|
|
|a DLC
|c DLC
|d DLC
|d BD-DhAAL
|
| 043 |
|
|
|a n-us---
|
| 050 |
0 |
0 |
|a HB3722
|b .S6735 2009
|
| 082 |
0 |
0 |
|a 332.0973
|2 22
|
| 100 |
1 |
|
|a Soros, George.
|9 49949
|
| 245 |
1 |
4 |
|a The crash of 2008 and what it means :
|b the new paradigm for financial markets /
|c Goerge Soros.
|
| 260 |
|
|
|a Oxford ;
|a New York, NY :
|b PublicAffairs,
|c c2009.
|
| 300 |
|
|
|a xxiv, 258 pages :
|b illustrations ;
|c 20 cm.
|
| 500 |
|
|
|a Originally published: The new paradigm for financial markets. New York, NY : PublicAffairs, c2008.
|
| 504 |
|
|
|a Includes bibliographical references and index.
|
| 541 |
|
|
|a Donated By Akbar Ali Khan
|e 39116
|
| 650 |
|
0 |
|a Financial crises
|z United States.
|9 49950
|
| 650 |
|
0 |
|a Credit
|z United States.
|9 49951
|
| 650 |
|
0 |
|a Economics.
|9 49952
|
| 651 |
|
0 |
|a United States
|x Economic policy.
|9 49953
|
| 651 |
|
0 |
|a United States
|x Economic conditions
|y 21st century.
|9 49954
|
| 852 |
|
|
|a Ayesha Abed Library
|c Akbar Ali Khan Collection
|
| 942 |
|
|
|2 ddc
|c BK
|
| 952 |
|
|
|0 0
|1 0
|2 ddc
|4 0
|6 332_097300000000000_SOR
|7 1
|9 71243
|a BRACUL
|b BRACUL
|c AAKC
|d 2022-07-18
|e Donated by Akbar Ali Khan
|l 0
|o 332.0973 SOR
|p 3010039116
|r 2022-07-18
|t 1
|w 2022-07-18
|y BK
|